000 01419cam a22003974a 4500
001 muse4687
003 MdBmJHUP
005 20210127150954.0
006 m o d
007 cr||||||||nn|n
008 110217s2011 onc o 00 0 eng d
020 _a9782760319424
020 _a2760319423
020 _z9782760307612
020 _z2760307611
035 _a(OCoLC)733084662
040 _aMdBmJHUP
_cMdBmJHUP
100 1 _aMayne, Seymour,
_d1944-
240 1 0 _aRicochet.
_lEnglish & French
245 1 0 _aRicochet
_bWord Sonnets - Sonnets d'un mot /
_cSeymour Mayne ; traduit de l'anglais par Sabine Huynh.
264 1 _bUniversity of Ottawa Press = Presses de l'Universite d'Ottawa,
264 3 _bProject MUSE,
300 _a1 online resource (xxvii, 126 p.)
506 0 _aOpen Access
_fUnrestricted online access
_2star
588 _aDescription based on print version record.
655 7 _aElectronic books.
_2local
710 2 _aProject Muse.
_edistributor
830 0 _aBook collections on Project MUSE.
856 4 0 _zFull text available:
_uhttps://muse.jhu.edu/book/14102/
945 _aProject MUSE - 2011 Poetry, Fiction and Creative Non-Fiction
945 _aProject MUSE - 2011 Complete
999 _c24151
_d24151